Language Quiz

Random Language or German Quiz

German 2 - Top 35 Verbs Quiz Stats

 Plays Quiz not verified by Sporcle

Score 0/76 Timer 10:00
0 Plays Today
German English % Correct
sehento see
92.5%
bringento bring
92.5%
istis
91%
habento have
91%
hathas
91%
konntewas able
91%
musshas to
91%
sagento say
91%
haltento hold
91%
sprechento speak
91%
kanncan
89.6%
machtmakes
89.6%
gebento give
89.6%
kommento come
89.6%
mögento like
89.6%
müssento have to
88.1%
sagtsays
88.1%
sagtesaid
88.1%
machento make - to do
88.1%
machtemade
88.1%
kamcame
88.1%
wollento want to
88.1%
willwants
88.1%
gehento go
88.1%
findento find
88.1%
sprichtspeaks
88.1%
seinto be
86.6%
warwas
86.6%
werdento become
86.6%
hat...gemachthas made
86.6%
ist...gekommenhas come
86.6%
sollenshould
86.6%
siehtsees
86.6%
hat...gehabthad
85.1%
hat...gekonntwas able
85.1%
hat...gesagthas said
85.1%
gibtgives
85.1%
stehento stand
85.1%
German English % Correct
bleibento stay
85.1%
tunto do
85.1%
glaubento believe
85.1%
hattehad
83.6%
musstehad to
83.6%
gabgave
83.6%
sollteshould have
83.6%
gingwent
83.6%
lassento let
83.6%
liegento lie
83.6%
fahrento go (by vehicle)
83.6%
wirdbecomes
82.1%
hat...gemussthas had to
82.1%
hat...gegebenhas given
82.1%
wissento know
82.1%
denkento think
82.1%
hältholds
82.1%
lebento live
80.6%
wolltewanted
79.1%
hat...gewollthas wanted
79.1%
hat...gesolltshould have
79.1%
ist...gegangenhas gone
79.1%
lässtlets
77.6%
nimmttakes
77.6%
tutdoes
77.6%
ist...gewesenwas
76.1%
wurdebecame
76.1%
könnento be able
76.1%
fährtgoes (by vehicle)
76.1%
nehmento take
74.6%
heißento be called
73.1%
dürfenmay
73.1%
weißknows
71.6%
ist...gewordenbecame
70.1%
zeigento show
70.1%
meinento have an opinion
70.1%
führento lead
65.7%
nennento call
64.2%

You're not logged in!

Compare scores with friends on all Sporcle quizzes.
OR
Log In

Sporcle TV

Today on Sporcle TV


Watch our educational content, quiz creation guides, and fun videos on Sporcle TV.

Show Comments

Extras

Created Jan 2, 2015ReportNominate
Tags:German Quiz, English, tense, Top 35, verb

Top Quizzes Today


Score Distribution

Your Account Isn't Verified!

In order to create a playlist on Sporcle, you need to verify the email address you used during registration. Go to your Sporcle Settings to finish the process.

Report this User

Report this user for behavior that violates our Community Guidelines.

Details: